Alpha Bank.Απολογισμός Annual report : 2003
Αποθηκεύτηκε σε:
| Συγγραφή απο Οργανισμό/Αρχή: | |
|---|---|
| Μορφή: | Ηλεκτρονική πηγή |
| Γλώσσα: | Greek English |
| Δημοσίευση: |
[Αθήνα] :
Alpha Bank,
2003
|
| Θέματα: | |
| Ετικέτες: |
Προσθήκη ετικέτας
Δεν υπάρχουν, Καταχωρήστε ετικέτα πρώτοι!
|
MARC
| LEADER | 00000cmm a2200000 i 4500 | ||
|---|---|---|---|
| 001 | 1/73245 | ||
| 008 | 050311s2003 gr gre d | ||
| 035 | |l 10077044 | ||
| 040 | |a GR-MY-UA |b gre |e aacr | ||
| 041 | 0 | |a gre |a eng | |
| 082 | 0 | |a 332.109495 |2 (21η εκδ.) | |
| 110 | 2 | |a Alpha Bank. | |
| 245 | 1 | 0 | |a Alpha Bank.Απολογισμός |h [αρχείο Η/Υ] = |b Annual report : 2003 / |c Alpha Bank |
| 260 | |a [Αθήνα] : |b Alpha Bank, |c 2003 | ||
| 300 | |a 1 οπτική δισκέτα λέϊζερ Η/Υ; |c 4 3/4 ίν. | ||
| 650 | 0 | 0 | |a Banks and banking |x Data processing. |
| 650 | 0 | 0 | |a Banks and banking |z Greece. |
| 852 | |a INST |b CHIOS |c AV |e 20050311 |h 332.109495 ALP |p 005200021879 |q 005200021879 |t CDROM |y 23 | ||
| 901 | |a BIBL2-2005-1 | ||
| 909 | |a Χ |b 118828 | ||
| 970 | |a ΧΑΖΙΡΗ |b ΑΝΝΑ |z 2005/03/10 | ||